Statistics for Yellow Things

Click here to take the quiz!

General Stats

  • This quiz has been taken 14 times
    (3 since last reset)
  • The average score is 11 of 15

Answer Stats

Answer% Correct
Lemon
100%
Pineapple
100%
Banana
100%
Sunflower
100%
Cheese
100%
Mango
67%
Leaves
67%
Gold
67%
Donuts
67%
Sand
67%
Labradore
67%
Golden Retriever
67%
Popcorn
67%
Sunset
33%
Measuring Tape
33%

Score Distribution

Percentile by Number Answered

Percent of People with Each Score

Your Score History

You have not taken this quiz since the last reset